02399cam a2200541 i 4500001001200000003000600012005001700018008004100035020004800076035002200124035002300146040007900169045001700248046000900265100003900274245014400313250001500457260014600472300003800618336002700656337005400683338002800737380001600765380002300781388001000804490002200814490008000836500008200916504004600998610004401044610003201088610009901120648001901219648001901238650001901257650004001276650002601316650001701342650002801359650008301387651004201470655002001512658001301532710011301545710012801658830002201786830004901808xx004925717NUKAT20260427113255.0200814s2020 pl a |001 0 pol c a9788380989009q(oprawa twarda) :czł 25,00 a(OCoLC)1192556348 a(NUKAT)xx004925717 aKAT U/DLbpolerdacKAT U/DLsdKAT U/DLdWR O/KPdWA 14/MBsdOLSZT 008/bak2 bd1980bd1989 k20201 aDworaczek, Kamild(1985- ).eAutor10aNSZZ "Solidarność" w PKP w latach 1980-1989 :bprzykład Dolnośląskiej Dyrekcji Okręgowej Kolei Państwowych /cKamil Dworaczek. aWydanie I. aWrocław ;aWarszawa :bInstytut Pamięci Narodowej. Komisja Ścigania Zbrodni Przeciwko Narodowi Polskiemu. Oddział we Wrocławiu,c2020. a160 stron :bilustracje ;c25 cm. aTekstbtxt2rdacontent aBez urządzenia pośredniczącegobn2rdamedia aWoluminbnc2rdacarrier aKsiążki aPublikacje naukowe1 a2001-1 aOpozycja w Polsce1 aCentralny Projekt Badawczy IPN Opozycja i Opór Społeczny w PRL 1956-1989 aCentralny Projekt Badawczy IPN, Opozycja i opór społeczny w PRL 1956-1989. aBibliografia na stronach 134-137. Indeks.27aDyrekcja Okręgowa PKP (Wrocław)2DBN27aNSZZ "Solidarność"2DBN27aNiezależny Samorządny Związek Zawodowy "Solidarność".bRegion Dolny Śląsk.2kaba 7a1901-20002DBN 7a1945-19892DBN 7aKolejarze2DBN 7aOpozycja polityczna nielegalna2DBN 7aRuchy społeczne2DBN 7aStrajki2DBN 7aZwiązki zawodowe2DBN 7aKolejexstrajki i lokautyzPolskazŚląsk, Dolny (region)y1970-2000.2kaba 7aWrocław (woj. dolnośląskie)2DBN 7aMonografia2DBN aHistoria2 aInstytut Pamięci Narodowej - Komisja Ścigania Zbrodni przeciwko Narodowi Polskiemu.eInstytucja sprawcza2 aInstytut Pamięci Narodowej - Komisja Ścigania Zbrodni przeciwko Narodowi Polskiemu.bOddział (Wrocław).eWydawca4pbl 0aOpozycja w Polsce 0aOpozycja i Opór Społeczny w PRL 1956-1989